[Event "FSIMB August"]
[Site "Budapest HUN"]
[Date "2001.08.08"]
[Round "5"]
[White "Dearing,E"]
[Black "Hoenig,A"]
[Result "1/2-1/2"]
[WhiteElo "2274"]
[BlackElo "2263"]

1.c4 c6 2.Nf3 d5 3.d4 Nf6 4.Nc3 a6 5.e3 Bf5 6.Nh4 Be6 7.cxd5 cxd5 8.Qb3 Qc7
9.Bd2 Nc6 10.Rc1 Na5 11.Qb4 Nc6 12.Qb3 Na5 13.Qb4 Nc6 14.Qb3 Na5 15.Qd1 Qd8
16.f4 Bg4 17.Qc2 Bd7 18.Bd3 Rc8 19.O-O e6 20.Be1 Be7 21.Nf3 Nc4 22.Qe2 Nd6
23.Bh4 g6 24.Ne5 O-O 25.Qf3 b5 26.a3 Nc4 27.Bxc4 bxc4 28.e4 Bc6 29.Nxc6 Rxc6
30.Rfd1 Rb6 31.exd5  1/2-1/2

[Event "ch-AUT"]
[Site "Mureck AUT"]
[Date "2001.08.08"]
[Round "4"]
[White "Fahrner,K"]
[Black "Volkmann,F"]
[Result "0-1"]
[WhiteElo "2365"]
[BlackElo "2406"]

1.c4 c6 2.Nf3 d5 3.d4 Nf6 4.Qc2 g6 5.Bf4 Bf5 6.Qb3 Qb6 7.c5 Qxb3 8.axb3 Nbd7
9.Nc3 Bg7 10.h3 Ne4 11.e3 Nxc3 12.bxc3 Nxc5 13.b4 Nd3+ 14.Bxd3 Bxd3 15.Ne5 Bb5
16.Kd2 f6 17.Nd3 Bxd3 18.Kxd3 e5 19.Bg3 exd4 20.cxd4 Kd7 21.b5 cxb5 22.Rhc1 Rhc8
23.Rxc8 Rxc8 24.Rxa7 Kc6 25.Ra2 Bf8 26.f3 Kb6 27.Be1 b4 28.e4 dxe4+ 29.fxe4 Kb5
30.e5 fxe5 31.dxe5 Bg7 32.e6 b3 33.Ra5+ Kc6 34.Ra3 b2 35.Rb3 Kd6 36.Rxb7 Kxe6
37.Rb6+ Kd5 38.Rb5+ Rc5 39.Rxc5+ Kxc5 40.Kc2 Kd5 41.g4 Ke4 42.Bb4 Kf3 43.g5 Kg3
44.Be7 Be5 45.Bf6 Bf4 46.Kxb2 Kxh3 47.Kc2 Kg4 48.Kd1 Bxg5 49.Be5 Kf3 50.Ke1 Kg2  0-1

[Event "12th Sueder Summer"]
[Site "Recklinghausen GER"]
[Date "2001.08.09"]
[Round "6"]
[White "Hillarp Persson,T"]
[Black "Eismont,I"]
[Result "1-0"]
[WhiteElo "2438"]
[BlackElo "2238"]

1.c4 c6 2.e4 e5 3.Nf3 d6 4.d4 Nd7 5.Nc3 Ngf6 6.Be2 Be7 7.O-O O-O 8.Rb1 Qc7
9.Re1 Re8 10.Bf1 Nf8 11.h3 Ng6 12.g3 h6 13.Bg2 Nh7 14.Kh2 Ng5 15.d5 Nxf3+
16.Bxf3 c5 17.Bg4 a6 18.Bf5 Nf8 19.Qg4 Kh8 20.Qh5 Kg8 21.Qg4 Kh8 22.Bd2 Nh7
23.Kg2 Bf6 24.h4 Rb8 25.Bxc8 Rexc8 26.b4 b6 27.bxc5 bxc5 28.Rb3 Rxb3 29.axb3 Rb8
30.Ra1 Qb7 31.Qd1 Be7 32.Qc2 g5 33.hxg5 Bxg5 34.Bxg5 Nxg5 35.Qe2 Rg8 36.Rh1 Rg6
37.Qc2 Rf6 38.Qd2 Kg7 39.f4 exf4 40.gxf4 Nh7 41.f5 Qxb3 42.e5 dxe5 43.Ne4 Rb6
44.f6+ Kg8 45.d6 Qb2 46.Qxb2 Rxb2+ 47.Kf3 Rb3+ 48.Kg4 Nf8 49.Rxh6 Nd7 50.Ng3 Rc3
51.Nf5 Rxc4+ 52.Kg5  1-0

[Event "Smith & Williamson ch-GBR"]
[Site "Scarborough HUN"]
[Date "2001.08.09"]
[Round "10"]
[White "Williams,S"]
[Black "Summerscale,A"]
[Result "0-1"]
[WhiteElo "2369"]
[BlackElo "2510"]

1.c4 c6 2.Nc3 d5 3.d4 Nf6 4.Nf3 e6 5.Bf4 dxc4 6.a4 Bb4 7.Qc2 b5 8.e4 Bb7
9.e5 Nd5 10.Bd2 a6 11.h4 Nd7 12.Ne4 Be7 13.b3 Nb4 14.Qb1 cxb3 15.Qxb3 c5
16.Nxc5 Nxc5 17.dxc5 Bxf3 18.gxf3 Qd4 19.Rc1 Nd5 20.Qd3 Qxa4 21.Rg1 h5 22.Rxg7 Qxh4
23.f4 Bf8 24.Rh7 Rxh7 25.Qxh7 Rc8 26.c6 Nxf4 27.Qe4 Ng6 28.Qe3 Bb4 29.Bg2 Bxd2+
30.Qxd2 Nxe5 31.Kf1 Qd8 32.Qh6 Qd3+ 33.Kg1 Ng6 34.c7 Qd6 35.Rc6 Qf4 36.Rxe6+ fxe6
37.Qxg6+ Kd7 38.Qg7+ Kd6 39.Qc3 Rxc7 40.Qd3+ Kc5 41.Qc3+ Kb6  0-1

[Event "Nordic Championships"]
[Site "Bergen NOR"]
[Date "2001.08.10"]
[Round "7"]
[White "Ekeberg,C"]
[Black "Manne,P"]
[Result "1/2-1/2"]
[WhiteElo "2117"]
[BlackElo "2386"]

1.c4 c6 2.d4 d5 3.Nf3 Nf6 4.Nc3 dxc4 5.a4 Bf5 6.Ne5 Nbd7 7.Nxc4 Qc7 8.g3 e5
9.dxe5 Nxe5 10.Bf4 Nfd7 11.Bg2 f6 12.O-O Be6 13.Ne3 g5 14.Bxe5 Qxe5 15.a5 a6
16.Ne4 O-O-O 17.Qc1 Be7 18.Nc4 Bxc4 19.Qxc4 Nc5 20.Nxc5 Qxc5 21.Qe6+ Kb8
22.Rfc1 Rd6 23.Qb3 Qb5 24.Qe3 Qe5 25.Qb6 Bd8 26.Qb3 Ka7 27.Rd1 Rxd1+ 28.Rxd1 Qxe2
29.Rd7 Qb5 30.Qxb5 axb5 31.Bxc6 Bxa5 32.Rxb7+ Ka6 33.Rf7 Bd2 34.Rxf6 Rd8
35.Be4+ Ka5 36.Bxh7 Bc1 37.b3 Kb4 38.Rf3 Rc8 39.Bf5 Rc3 40.Rxc3 Kxc3 41.Be6 Kd4
42.Kg2 Ba3 43.Kf3 Be7 44.Kg4 Ke5 45.Bc8 b4 46.f3 Bd8 47.Ba6 Be7 48.Bb7 Bd8
49.Bc8 Be7 50.h4 gxh4 51.f4+ Kd6 52.gxh4 Bf6 53.h5 Ke7 54.Kf5 Bc3 55.Kg6 Bd4
56.f5 Bc3 57.h6 Bd4 58.Kh7 Kf8 59.Kg6  1/2-1/2

[Event "12th Sueder Summer"]
[Site "Recklinghausen GER"]
[Date "2001.08.10"]
[Round "7"]
[White "Kalka,A"]
[Black "Saltaev,M"]
[Result "1-0"]
[WhiteElo "2386"]
[BlackElo "2510"]

1.c4 c6 2.Nf3 d5 3.d4 Nf6 4.Nc3 a6 5.cxd5 cxd5 6.Bg5 e6 7.e3 Be7 8.Bd3 Nc6
9.Rc1 Bd7 10.O-O O-O 11.Na4 Nb4 12.Bb1 Bxa4 13.Qxa4 Ne4 14.Qxb4 Nxg5 15.Qxb7 Nxf3+
16.gxf3 Bd6 17.f4 g5 18.fxg5 Qxg5+ 19.Kh1 Kh8 20.f4 Qg4 21.Qc6 Rg8 22.Qc2 f5
23.Qf2 Be7 24.Bd3 Bh4 25.Qf3 a5 26.Qxg4 Rxg4 27.Rc6 Rg6 28.Rg1 Rag8 29.Rxg6 Rxg6
30.Rc2 Kg7 31.Bf1 Be7 32.Bg2 Kf7 33.Kg1 Rg8 34.Kf2 Rb8 35.Bf3 Bd6 36.Ke2 Ke7
37.Kd3 Rb7 38.Rg2 Kf8 39.Kc2 Rb4 40.Kc3 Rc4+ 41.Kd3 Rc1 42.Rg5 Rb1 43.Bxd5 exd5
44.Rxf5+ Ke7 45.Rxd5 Rxb2 46.Rxa5 Rxh2 47.Ke4 h5 48.Ra7+ Kd8 49.Kd5 Bc7 50.f5 h4
51.e4 Bb6 52.Rh7 Rd2 53.Ke6 Bxd4 54.Rd7+ Ke8 55.f6 Bc3 56.Rh7 Kd8 57.Rxh4 Rxa2
58.Rh8+ Kc7 59.Rh7+ Kc8 60.f7 Rf2 61.e5 Bxe5 62.Kxe5 Kd8 63.Ke6 Re2+ 64.Kf6 Rf2+
65.Kg7 Rg2+ 66.Kf8 Re2 67.Rg7  1-0

[Event "ch-EST"]
[Site "Puhajarve EST"]
[Date "2001.08.11"]
[Round "4"]
[White "Ehlvest,J"]
[Black "Narva,J"]
[Result "1-0"]
[WhiteElo "2627"]
[BlackElo "2313"]

1.c4 c6 2.e4 e5 3.Nf3 d6 4.d4 Nd7 5.Nc3 Ngf6 6.Be2 Be7 7.O-O O-O 8.Qc2 Re8
9.Rd1 Bf8 10.Bg5 a6 11.a3 h6 12.Bh4 b5 13.b4 Bb7 14.dxe5 dxe5 15.Bxf6 gxf6
16.Nh4 bxc4 17.Nf5 Qc7 18.Qd2 Rad8 19.Nxh6+  1-0

[Event "Lost Boys Open"]
[Site "Amsterdam NED"]
[Date "2001.08.12"]
[Round "3"]
[White "Ree,H"]
[Black "Soderberg,P"]
[Result "1/2-1/2"]
[WhiteElo "2421"]
[BlackElo "2264"]

1.c4 c6 2.Nf3 d5 3.b3 Nf6 4.Bb2 Nbd7 5.g3 e6 6.Bg2 Bd6 7.O-O O-O 8.d3 a6
9.Qc2 Qc7 10.Nbd2 b5 11.cxd5 cxd5 12.Qxc7 Bxc7 13.Rac1 Ba5 14.e4 dxe4 15.dxe4 Bb7
16.e5 Ne4 17.Nxe4 Bxe4 18.Rfd1 Rfd8 19.Ba3 Nb6 20.Bd6 Nd5 21.Nd4 Bxg2 22.Kxg2 Nc3
23.Rd3 Nxa2 24.Ra1 Nb4 25.Rdd1 Bb6 26.Nxb5 axb5 27.Bxb4 h6 28.Rxa8 Rxa8 29.Rd2 Ra1
30.Be7 Kh7 31.f4 h5 32.b4 Rc1 33.Rd6 Rc2+ 34.Kf3 Rc3+ 35.Kg2 Rc2+ 36.Kf3 Rc3+
37.Kg2  1/2-1/2

[Event "I American Continental"]
[Site "Cali COL"]
[Date "2001.08.12"]
[Round "3"]
[White "Gulko,B"]
[Black "Contreras,H"]
[Result "1-0"]
[WhiteElo "2602"]
[BlackElo "2263"]

1.c4 c6 2.e4 d5 3.exd5 cxd5 4.d4 Nf6 5.Nc3 e6 6.Nf3 Nc6 7.c5 Ne4 8.Qc2 Nxc3
9.Qxc3 a5 10.Bb5 Bd7 11.O-O Be7 12.Bf4 O-O 13.Rfe1 Bf6 14.Qd2 Re8 15.Rac1 a4
16.Bxc6 Bxc6 17.Rc3 Be7 18.Ne5 Bb5 19.Rh3 Bf8 20.Qc2 g6 21.Nxf7 Qf6 22.Nd6 Bxd6
23.Bxd6 Qxd4 24.Qc1 Rad8 25.Be5 Qb4 26.a3 Qg4 27.Qh6 Rd7 28.Rg3 Qf5 29.Rf3 Qg4
30.h3 Qh5 31.Qf4 h6 32.g4 Qh4 33.Bf6 g5 34.Qd4 Kh7 35.Be5 h5 36.Kg2 Kg8 37.Bg3 hxg4
38.hxg4  1-0

[Event "Lost Boys Open"]
[Site "Amsterdam NED"]
[Date "2001.08.13"]
[Round "4"]
[White "Schuurman,P"]
[Black "Strating,S"]
[Result "1-0"]
[WhiteElo "2228"]
[BlackElo "2340"]

1.c4 c6 2.Nf3 d5 3.b3 Nf6 4.Bb2 e6 5.e3 Nbd7 6.Qc2 Bd6 7.Nc3 a6 8.d4 b5 9.c5 Bc7
10.b4 e5 11.dxe5 Ng4 12.Nd4 Ndxe5 13.h3 Nh6 14.O-O-O O-O 15.f4 Ng6 16.Bd3 Qe8
17.Rde1 f5 18.Rhg1 Bd8 19.Kb1 Ra7 20.Nf3 Bf6 21.Nd1 Re7 22.g3 Bxb2 23.Qxb2 Rf6
24.Qc3 Bd7 25.Bc2 Kh8 26.Nd4 Rf8 27.Nf2 Qc8 28.Qd2 Ng8 29.g4 Nh4 30.g5 Be8
31.Nh1 Ng6 32.Ng3 Bd7 33.h4 Nxh4 34.Rh1 Ng6 35.Re2 h6 36.Reh2 Qe8 37.Bxf5 Bxf5+
38.Ngxf5 Ref7 39.Qd3 Qe4 40.Qxe4 dxe4 41.Nd6 N6e7 42.Ne6 g6 43.Nxe4 Nf5 44.Nd6 Nxe3
45.Rxh6+ Nxh6 46.Rxh6+ Kg8 47.Rxg6+ Kh7 48.Rh6+ Kg8 49.Nxf8 Rxf8 50.f5 Nxf5
51.Nxf5 Rxf5 52.Rxc6 Rf1+ 53.Kc2 Rf2+ 54.Kd3 Rxa2 55.Rf6 Ra3+ 56.Kd4 Rb3
57.Rxa6 Rxb4+ 58.Kd5 Rg4 59.c6 Rxg5+ 60.Kd6 Rg6+ 61.Kc5 Kf7 62.Ra8 Rg5+ 63.Kd6 Rg6+
64.Kd7  1-0

[Event "TCh-ESP Div 2"]
[Site "Vila Real ESP"]
[Date "2001.08.16"]
[Round "4"]
[White "Valles Moreno,I"]
[Black "Mancebo Ibanez,F"]
[Result "0-1"]
[WhiteElo "2181"]
[BlackElo "2270"]

1.c4 c6 2.e4 d5 3.cxd5 cxd5 4.exd5 Nf6 5.Nc3 Nxd5 6.Nf3 e6 7.d4 Bb4 8.Bd2 O-O
9.Bd3 Nc6 10.O-O Be7 11.a3 Bf6 12.Qc2 h6 13.Rad1 Nxd4 14.Nxd4 Bxd4 15.Nxd5 Qxd5
16.Bc4 Qe5 17.Rfe1 Qf6 18.Bb4 Rd8 19.Rd3 b5 20.Rf3 Qg5 21.h4 Qh5 22.Be2 Bb7
23.Rf4 Qe5 24.Rxf7 Kxf7 25.Bg4 Rac8 26.Qb1 Bxf2+ 27.Kxf2 Qf4+ 28.Bf3 Bxf3
29.gxf3 Rc2+  0-1

[Event "I American Continental"]
[Site "Cali COL"]
[Date "2001.08.18"]
[Round "9"]
[White "Leyva,H"]
[Black "Mosquera,M"]
[Result "1/2-1/2"]
[WhiteElo "2428"]
[BlackElo "2344"]

1.c4 c6 2.b3 d5 3.Bb2 Bf5 4.Nf3 e6 5.g3 h6 6.Bg2 Nf6 7.O-O Nbd7 8.d3 Be7
9.Nbd2 O-O 10.a3 a5 11.Ra2 Re8 12.Qa1 Bf8 13.Re1 Qb6 14.Bd4 c5 15.Bb2 d4
16.b4 e5 17.bxc5 Bxc5 18.Rb1 Qc7 19.Bc1 Ra7 20.Nh4 Bh7 21.Rab2 e4 22.Nxe4 Nxe4
23.Bxe4 Bxe4 24.dxe4 Rxe4 25.Nf3 Nf6 26.Rd2 Qe7 27.Nxd4 Bxd4 28.Rxd4 Rxe2
29.Bd2 Ra8 30.Re1 Rxe1+ 31.Bxe1 b6 32.Bd2 Ne4 33.Be3 Ng5  1/2-1/2

[Event "I American Continental"]
[Site "Cali COL"]
[Date "2001.08.19"]
[Round "10"]
[White "Moreira Romero,J"]
[Black "Ruiz,P"]
[Result "0-1"]
[WhiteElo "2372"]
[BlackElo "2290"]

1.c4 c6 2.Nf3 Nf6 3.b3 d5 4.Bb2 e6 5.e3 Nbd7 6.Be2 Bd6 7.O-O O-O 8.Nc3 a6
9.a4 e5 10.cxd5 cxd5 11.Ba3 Bxa3 12.Rxa3 Qe7 13.Ra1 e4 14.Nd4 Ne5 15.f4 exf3
16.Bxf3 Rd8 17.Rb1 Bg4 18.Bxg4 Nexg4 19.h3 Ne5 20.Nf5 Qe6 21.Ne2 Ned7 22.Ned4 Qe5
23.Qf3 Rf8 24.Rbc1 g6 25.Nh6+ Kg7 26.Ng4 Nxg4 27.Qxg4 Nf6 28.Qh4 Rac8 29.Nf3 Qe4
30.Qg3 Qe7 31.Qf4 Ne4 32.d3 Ng3 33.Qxg3 Rxc1 34.Rxc1 Qxe3+ 35.Kh2 Qxc1 36.Qe5+ Kg8
37.Qxd5 Qf4+ 38.g3 Qe3 39.h4 Qf2+ 40.Kh3 h5 41.g4 hxg4+ 42.Kxg4 Qg2+ 43.Kf4 Re8
44.h5 Kg7 45.Qd4+ Kh6 46.Qf6 b5 47.axb5 axb5 48.b4 Qh3 49.hxg6 fxg6 50.d4 Qd7
51.Ng5 Qc7+ 52.Kg4 Qc8+ 53.Kh4 Qf5 54.Nf7+ Kh7 55.Ng5+ Kg8 56.Qd6 Qf2+ 57.Kg4 Qe2+
58.Nf3 Kg7 59.d5 Qg2+  0-1

[Event "Ron Banwell Masters"]
[Site "London ENG"]
[Date "2001.08.20"]
[Round "3"]
[White "McNab,C"]
[Black "Houska,Jo"]
[Result "1-0"]
[WhiteElo "2437"]
[BlackElo "2354"]

1.c4 c6 2.Nf3 d5 3.e3 Nf6 4.Nc3 a6 5.b3 Bg4 6.Be2 e6 7.Bb2 Nbd7 8.O-O Bd6
9.h3 Bh5 10.d4 O-O 11.Nd2 Bg6 12.Bf3 b5 13.c5 Bb8 14.Re1 b4 15.Na4 Ne4 16.Bxe4 dxe4
17.Nc4 f5 18.f4 Nf6 19.Qd2 Nd5 20.Nab6 Ra7 21.Nxd5 exd5 22.Ne5 Be8 23.Qxb4 Bc7
24.Qd2 g5 25.Rf1 gxf4 26.Rxf4 Qf6 27.Raf1 Qe6 28.Qf2 Bg6 29.Kh1 Bd8 30.h4 Bf6
31.g4 Bxe5 32.dxe5 Qc8 33.gxf5 Bh5 34.e6 h6 35.Qg3+ Kh7 36.Rg1 d4 37.Bxd4 Qc7
38.f6 Qc8 39.f7  1-0

[Event "WJun Women"]
[Site "Athens GRE"]
[Date "2001.08.21"]
[Round "6"]
[White "Calotescu,C"]
[Black "Hryhorenko,N"]
[Result "1/2-1/2"]
[WhiteElo "2283"]
[BlackElo "2128"]

1.c4 c6 2.e4 d5 3.exd5 cxd5 4.d4 Nf6 5.Nc3 Nc6 6.Nf3 g6 7.cxd5 Nxd5 8.Qb3 Nxc3
9.bxc3 Bg7 10.Bc4 O-O 11.Be2 Qc7 12.O-O Be6 13.Qa3 Rfd8 14.Re1 Bd5 15.Bg5 Rd7
16.Bh4 Qa5 17.Qxa5 Nxa5 18.Bb5 Bc6 19.Rab1 e6 20.Bg3 Bxb5 21.Rxb5 b6 22.h4 Rc8
23.Ne5 Rdc7 24.d5 Rxc3 25.d6 Rc1 26.f4 Rxe1+ 27.Bxe1 Rc1 28.Kf2 Nb7 29.Bb4 Rd1
30.Nc4 Rd4 31.Nxb6 Nxd6 32.Bxd6 Rxd6 33.Nc4 Rd4 34.Rb8+ Bf8 35.Ne5 Rxf4+
36.Ke3 Rb4 37.Rd8 Kg7 38.Rd7 Bc5+ 39.Kf3 Rxh4 40.Rxf7+ Kg8 41.Rb7 Rb4 42.Rd7 Rd4
43.Rb7 Rb4 44.Rd7 Rd4 45.Rb7 Rb4  1/2-1/2

[Event "Open"]
[Site "Feffernitz AUT"]
[Date "2001.08.22"]
[Round "5"]
[White "Teske,H"]
[Black "Balzar,A"]
[Result "1-0"]
[WhiteElo "2486"]
[BlackElo "2362"]

1.c4 c6 2.e4 d5 3.exd5 cxd5 4.d4 Nf6 5.Nc3 g6 6.cxd5 Bg7 7.Bc4 O-O 8.Nge2 Nbd7
9.Nf4 Nb6 10.Bb3 Bf5 11.O-O Ne8 12.Re1 Nd6 13.Qe2 Re8 14.Be3 a5 15.Rac1 a4
16.Bc2 Bxc2 17.Rxc2 Qd7 18.Nd3 h5 19.h3 Ra7 20.Ne5 Qd8 21.Qf3 Rf8 22.Bg5 Ne8
23.Nb5 Ra8 24.d6 Nxd6 25.Nxd6 Qxd6 26.Qxb7 Rfc8 27.Nc6 Nd5 28.Nxe7+ Nxe7
29.Bxe7 Qb8 30.Rxc8+ Qxc8 31.Qxc8+ Rxc8 32.Bc5 Rd8 33.Rd1 f5 34.Kf1 Kf7 35.Ke2 Ke6
36.Kd3 Kd5 37.Re1 Rd7 38.Re8 Rb7 39.Rd8+ Ke6 40.Rd6+ Kf7 41.Rb6  1-0

[Event "21st Open"]
[Site "Bratto ITA"]
[Date "2001.08.23"]
[Round "2"]
[White "Luchsinger,E"]
[Black "Lapiccirella,D"]
[Result "1/2-1/2"]
[WhiteElo "2094"]
[BlackElo "2098"]

1.c4 c6 2.e4 e5 3.Nf3 d6 4.d4 exd4 5.Qxd4 Nf6 6.Nc3 Be7 7.Be2 O-O 8.O-O Na6
9.h3 Nc7 10.Be3 Re8 11.Rad1 Ne6 12.Qd2 Qc7 13.b4 b6 14.Nd4 Nxd4  1/2-1/2

[Event "21st Open"]
[Site "Bratto ITA"]
[Date "2001.08.23"]
[Round "2"]
[White "Griffa,R"]
[Black "Khenkin,I"]
[Result "0-1"]
[WhiteElo "2082"]
[BlackElo "2579"]

1.c4 c6 2.g3 d5 3.Bg2 e5 4.cxd5 cxd5 5.d4 e4 6.Nc3 Nc6 7.Nh3 Bb4 8.O-O Nge7
9.Nf4 O-O 10.e3 Bxc3 11.bxc3 Ng6 12.Nxg6 hxg6 13.f3 Bf5 14.g4 exf3 15.Qxf3 Be4
16.Qf4 Bxg2 17.Kxg2 Qd7 18.e4 dxe4 19.Qxe4 Rae8 20.Qf3 f5 21.g5 Re4 22.Bd2 Ne5
23.Qd1 Qd5 24.Kh3 Rg4 25.Qb3 Nc4 26.Rf2 Kf7  0-1

[Event "Rubinstein Open"]
[Site "Polanica Zdroj POL"]
[Date "2001.08.23"]
[Round "8"]
[White "Gratka,K"]
[Black "Blimke,D"]
[Result "1/2-1/2"]
[WhiteElo "2307"]
[BlackElo "2206"]

1.c4 c6 2.g3 d5 3.b3 Nf6 4.Bb2 Bf5 5.Bg2 e6 6.Nf3 h6 7.d3 Be7 8.O-O O-O 9.Nbd2 Nbd7
10.a3 Bh7 11.Qc2 a5 12.Rfe1 Qc7 13.Rac1 Rfe8 14.h3 Rad8 15.Qb1 Bc5 16.Qa1 Qb6
17.Rf1 Bd6 18.Ne5 Nxe5 19.Bxe5 Bxe5 20.Qxe5 Nd7  1/2-1/2

[Event "WJun Women"]
[Site "Athens GRE"]
[Date "2001.08.24"]
[Round "8"]
[White "Zhao Xue"]
[Black "Hryhorenko,N"]
[Result "1-0"]
[WhiteElo "2372"]
[BlackElo "2128"]

1.c4 c6 2.e4 d5 3.exd5 cxd5 4.d4 Nf6 5.Nc3 g6 6.Nf3 Bg7 7.Qb3 O-O 8.cxd5 Nbd7
9.d6 exd6 10.Be2 Nb6 11.Bf4 Be6 12.Qb4 Nfd5 13.Qxd6 Qe8 14.Be3 Rd8 15.Qg3 Nxe3
16.fxe3 Bc4 17.Qf2 Qe7 18.O-O Rfe8 19.Bxc4 Nxc4 20.e4 Qb4 21.Rab1 Nd6 22.Rfe1 Nb5
23.Nxb5 Qxb5 24.Rbc1 Qd3 25.e5 Bh6 26.Rc3 Qf5 27.Qh4 Bf8 28.Ng5 h6 29.Ne4 Kg7
30.Rf1 Be7 31.Nf6 Qd7 32.Nxe8+ Rxe8 33.Qe4 Rd8 34.Rcf3 Rf8 35.d5 Bc5+ 36.Kh1 Kh8
37.b4  1-0

[Event "ADCF Masters"]
[Site "Abu Dhabi UAE"]
[Date "2001.08.27"]
[Round "3"]
[White "Li,G"]
[Black "Badjarani,I"]
[Result "0-1"]
[WhiteElo "2239"]
[BlackElo "2365"]

1.c4 c6 2.d4 d5 3.Nc3 Nf6 4.e3 g6 5.Nf3 Bg7 6.Be2 O-O 7.O-O Bg4 8.b3 e6 9.Bb2 Nbd7
10.Rc1 Qe7 11.Re1 Rfd8 12.h3 Bxf3 13.Bxf3 Rab8 14.Rc2 b5 15.cxd5 cxd5 16.Qd3 a6
17.Rec1 Ne8 18.e4 dxe4 19.Nxe4 Ne5 20.Qe3 Nxf3+ 21.Qxf3 Bxd4 22.Bxd4 Rxd4
23.Rc6 a5 24.g3 Rbd8 25.R1c5 R4d5 26.Qe3 b4 27.h4 h5 28.Rxd5 Rxd5 29.Qb6 Kg7
30.f3 Qd7 31.Kf2 Rd1 32.Kg2 Qd3 33.Qf2 Nf6 34.Nxf6 Rd2 35.Ne4 Rxf2+  0-1

[Event "Open"]
[Site "Lisbon POR"]
[Date "2001.08.27"]
[Round "7"]
[White "Stohl,I"]
[Black "Iruzubieta,J"]
[Result "1/2-1/2"]
[WhiteElo "2533"]
[BlackElo "2414"]

1.c4 c6 2.d4 d5 3.Nc3 Nf6 4.e3 a6 5.Qc2 b5 6.b3 Bg4 7.Nge2 Nbd7 8.Nf4 e5
9.dxe5 Nxe5 10.h3 Be6 11.Bb2 Bd6 12.Rd1 O-O 13.Be2 Ng6 14.Nxg6  1/2-1/2

[Event "21st Open"]
[Site "Bratto ITA"]
[Date "2001.08.29"]
[Round "8"]
[White "Farina,S"]
[Black "Zichichi,A"]
[Result "1/2-1/2"]
[WhiteElo "2126"]
[BlackElo "2293"]

1.c4 c6 2.e4 d5 3.exd5 cxd5 4.d4 Nf6 5.Nc3 e6 6.a3 dxc4 7.Bxc4 Be7 8.Nf3 O-O
9.O-O Nbd7 10.Re1 a6 11.Ba2 Nb6 12.Ne5 Nbd5 13.Qf3 Qd6 14.Bg5 Nxc3 15.bxc3 Nd5
16.Bd2 b5 17.c4 bxc4 18.Nxc4 Qd8 19.Rab1 Bf6 20.Ba5 Qd7 21.Ne5 Bxe5 22.dxe5 Bb7
23.Rec1 Rfc8 24.Qg4 Rxc1+  1/2-1/2

[Event "FSIMA September"]
[Site "Budapest HUN"]
[Date "2001.09.01"]
[Round "1"]
[White "Appleberry,M"]
[Black "Pitschka,K"]
[Result "1/2-1/2"]
[WhiteElo "2283"]
[BlackElo "2220"]

1.c4 c6 2.d4 d5 3.cxd5 cxd5 4.Bf4 Nc6 5.e3 Nf6 6.Nc3 Bf5 7.Nf3 e6 8.Bb5 Nd7
9.O-O Be7 10.Rc1 Rc8 11.Na4 O-O 12.Bxc6 bxc6 13.Ne5 Nxe5 14.Bxe5 Qa5 15.Qb3 f6  1/2-1/2

[Event "EYCC B18"]
[Site "Halkidiki GRE"]
[Date "2001.09.01"]
[Round "2"]
[White "Izoria,Z"]
[Black "Pataki,G"]
[Result "1-0"]
[WhiteElo "2486"]
[BlackElo "2347"]

1.c4 c6 2.e4 e5 3.Nf3 d6 4.d4 Nd7 5.Nc3 Be7 6.Be2 Ngf6 7.O-O O-O 8.Be3 Qc7
9.Rc1 b6 10.d5 c5 11.Ne1 Re8 12.Nd3 a6 13.a3 Rb8 14.b4 Nf8 15.a4 cxb4 16.Nxb4 Bb7
17.c5 bxc5 18.Nxa6 Bxa6 19.Bxa6 Rb4 20.Bb5 Rb8 21.f3 Ng6 22.Na2 Rb2 23.Rc2 Rxc2
24.Qxc2 Bd8 25.Nc1 Ne7 26.Nd3 Nd7 27.Rb1 h6 28.Bf2 Ra8 29.g3 f5 30.Nb4 fxe4
31.fxe4 Nb8 32.Nd3 Nd7 33.Nb2 Nb6 34.Be1 Kh7 35.a5 Nbc8 36.Nc4 Na7 37.Ba4 Rb8
38.Ra1 Nec8 39.Qf2 Qe7 40.Qf5+ Kg8 41.Bd7 Qf6 42.Be6+ Kh8 43.Qh5 Qf8 44.Bd2 Bf6
45.Rf1 Rb7 46.Bxh6 gxh6 47.Rxf6 Rb1+ 48.Kg2  1-0

[Event "III Sants Hostafrancs Open"]
[Site "Barcelona ESP"]
[Date "2001.09.05"]
[Round "5"]
[White "Granados Gomez,M"]
[Black "Cooper,L"]
[Result "0-1"]
[WhiteElo "2428"]
[BlackElo "2352"]

1.c4 c6 2.Nc3 d5 3.d4 Nf6 4.Nf3 dxc4 5.e4 b5 6.e5 Nd5 7.a4 e6 8.axb5 Nxc3
9.bxc3 cxb5 10.Ng5 Bb7 11.Qh5 g6 12.Qg4 Be7 13.Be2 Bd5 14.O-O Nd7 15.Bf3 Nb6
16.h4 h5 17.Qg3 a5 18.Bd1 b4 19.Bc2 Rg8 20.Qf4 Bxg5 21.Qxg5 Qxg5 22.Bxg5 b3
23.Bb1 a4 24.Bc1 Nc8 25.f4 Rh8 26.g3 Ra6 27.Ba3 Na7 28.Kf2 Nb5 29.Rc1 Kd7
30.Ke3 Rb8 31.Kd2 Nxa3 32.Rxa3 b2 33.Re1 Rb3 34.Ra2 a3 35.Bc2 Bf3 36.Bb1 Bg4
37.Bc2 Bf5 38.Bxf5 gxf5 39.Kc2 Rab6 40.Rb1 Kc6  0-1

[Event "3rd Open"]
[Site "Glyfada GRE"]
[Date "2001.09.06"]
[Round "7"]
[White "Grivas,E"]
[Black "Svetushkin,D"]
[Result "1-0"]
[WhiteElo "2489"]
[BlackElo "2461"]

1.c4 c6 2.Nf3 Nf6 3.Nc3 d5 4.e3 Nbd7 5.Qc2 e6 6.b3 Bd6 7.Bb2 O-O 8.Be2 Qe7
9.O-O b6 10.cxd5 cxd5 11.Nb5 Ba6 12.Rfc1 Rfc8 13.Qd1 Bc5 14.a3 Bxb5 15.Bxb5 a6
16.Be2 b5 17.a4 bxa4 18.bxa4 a5 19.Bb5 Bb4 20.Nd4 Ne5 21.d3 Qd6 22.h3 h6
23.Rc2 Ned7 24.Nc6 Kh7 25.e4 e5 26.d4 exd4 27.Nxb4 axb4 28.Rxc8 Rxc8 29.Qxd4 Qc5
30.e5  1-0

[Event "TCh-YUG"]
[Site "Herceg Novi YUG"]
[Date "2001.09.08"]
[Round "6"]
[White "Damljanovic,B"]
[Black "Matulovic,M"]
[Result "1-0"]
[WhiteElo "2549"]
[BlackElo "2423"]

1.c4 c6 2.e4 d5 3.exd5 cxd5 4.cxd5 Nf6 5.Nc3 Nxd5 6.Nf3 Nc6 7.Bb5 e6 8.O-O Be7
9.d4 O-O 10.Re1 Nxc3 11.bxc3 Qc7 12.Qe2 Bd7 13.d5 Nd8 14.Bd3 Re8 15.c4 exd5
16.cxd5 Bf8 17.Be3 b6 18.Rad1 h6 19.Bb1 Nb7 20.Qd3 g6 21.Qd2 h5 22.Bf4 Nd6
23.Ne5 Ba4 24.Rc1 Qd8 25.Nc6 Qd7 26.Be5 Rac8 27.Ba1 Rxe1+ 28.Rxe1 Re8 29.Rc1 Nf5
30.Bxf5 Qxf5 31.Qd4 f6 32.Qxa4 Re2 33.Rf1 Qxd5 34.Qb3 Qxb3 35.axb3 a5 36.Bd4 Re6
37.Na7 Rd6 38.Be3 Kf7 39.g3 Ke6 40.Nb5 Rd3 41.Bxb6 Kd5 42.Nc7+ Kc6 43.Bxa5  1-0

[Event "1st Sea Chess TCh"]
[Site "Kuala Lumpur MAI"]
[Date "2001.09.08"]
[Round "4"]
[White "Nguyen Thanh Son"]
[Black "Megararanto,S"]
[Result "1-0"]
[WhiteElo "2404"]
[BlackElo "2234"]

1.c4 c6 2.Nc3 d5 3.d4 Nf6 4.cxd5 cxd5 5.Nf3 Nc6 6.Bf4 a6 7.e3 Bf5 8.Be2 e6
9.O-O Bd6 10.Bxd6 Qxd6 11.Rc1 O-O 12.Na4 Nd7 13.Qb3 b6 14.a3 h6 15.Rc3 b5
16.Nc5 Na5 17.Qb4 Nc6 18.Qb3 Na5 19.Qa2 Nb6 20.h3 Rfc8 21.Rfc1 Qe7 22.Ne5 Nac4
23.Ncd3 Na4 24.R3c2 f6 25.Nf3 Nab6 26.Qb3 Rc7 27.Qb4 Qxb4 28.axb4 Bxd3 29.Bxd3 Rcc8
30.b3 Nd6 31.Rc6 Kf8 32.R1c3 Rxc6 33.Rxc6 Nbc8 34.Ne1 Ra7 35.Be2 Ke7 36.Nd3 Kd7
37.Rc2 Nb7 38.Bg4 Ncd6 39.Nf4 f5 40.Bh5 Ra8 41.g4 a5 42.gxf5 Nxf5 43.bxa5 Rxa5
44.Nd3 Ra1+ 45.Kh2 Nbd6 46.Ne5+ Ke7 47.Rc7+ Kf6 48.h4 Nxh4 49.Ng4+ Kf5 50.Rxg7 Ne4
51.Nxh6+ Kf6 52.Rg4 Nf3+ 53.Kg2 Ne1+ 54.Kf1 Nd3+ 55.Kg2 Ne1+ 56.Kf1 Ke7 57.Rg7+ Kd8
58.Nf7+ Kc8 59.Bg4 Nf3+ 60.Kg2 Ra2 61.Nd6+ Nxd6 62.Bxe6+ Kb8 63.Kxf3 Ne4
64.Bxd5  1-0

[Event "Open"]
[Site "Cesenatico ITA"]
[Date "2001.09.11"]
[Round "4"]
[White "Voiska,M"]
[Black "Zilahi,G"]
[Result "1-0"]
[WhiteElo "2296"]
[BlackElo "2130"]

1.c4 c6 2.Nf3 Nf6 3.d4 d5 4.e3 Bf5 5.Nc3 e6 6.Qb3 Qb6 7.Nh4 Qxb3 8.axb3 Bc2
9.c5 Bxb3 10.Bd3 Nbd7 11.Nf3 e5 12.Nd2 Bc4 13.Nxc4 dxc4 14.Bxc4 Be7 15.O-O O-O
16.b4 Rfd8 17.Bb2 b6 18.Ba6 Rab8 19.d5 bxc5 20.dxc6 Bd6 21.cxd7 Rxb4 22.Ba3 Rb6
23.Bc8 Nxd7 24.Bxd7 Rxd7 25.Rfd1 Rdb7 26.Ne4  1-0

[Event "TCh-CRO"]
[Site "Pula CRO"]
[Date "2001.09.13"]
[Round "4"]
[White "Kovacevic,B"]
[Black "Bukal,V"]
[Result "1-0"]
[WhiteElo "2443"]
[BlackElo "2441"]

1.c4 c6 2.Nf3 d5 3.e3 Nf6 4.Nc3 a6 5.Qc2 g6 6.d4 Bf5 7.Qb3 Ra7 8.Bd2 Bg7
9.Be2 O-O 10.O-O h6 11.Rac1 g5 12.cxd5 cxd5 13.Ne5 Re8 14.Rfd1 e6 15.Na4 Nfd7
16.Nd3 Bxd3 17.Bxd3 Nc6 18.Rc2 Bf8 19.a3 Na5 20.Bxa5 Qxa5 21.Rdc1 Bd6 22.g3 b5
23.Nc3 Nb6 24.e4 dxe4 25.Nxe4 Be7 26.Rc6 Nd5 27.Bb1 Bf8 28.Qd3 f5 29.Nc5 Bxc5
30.dxc5 Qd8 31.Re1 Rd7 32.Qb3 Kf7 33.Rxa6 Qc8 34.Rd6 Rxd6 35.cxd6 Qc6 36.Bd3 Rb8
37.a4 b4 38.Bc4 Qxd6 39.Rd1 Rd8 40.Bxd5 exd5 41.Rd4 Qe5 42.Rxb4 f4 43.Kg2 Kf6
44.Rb6+ Kg7 45.Qd3 Qe4+ 46.Qxe4 dxe4 47.gxf4 gxf4 48.Rb4 Re8 49.a5 Kg6 50.a6 Kf5
51.a7 f3+ 52.Kh3  1-0

[Event "ch-ARM"]
[Site "Yerevan ARM"]
[Date "2001.09.17"]
[Round "5"]
[White "Sargissian,G"]
[Black "Hachatrian,V"]
[Result "1/2-1/2"]
[WhiteElo "2514"]
[BlackElo "2411"]

1.c4 c6 2.e4 d5 3.exd5 cxd5 4.d4 Nf6 5.Nc3 e6 6.Nf3 Bb4 7.cxd5 Nxd5 8.Bd2 O-O
9.Bd3 Nf6 10.O-O b6 11.Ne4 Bxd2 12.Nxf6+ Qxf6 13.Be4 Ba6 14.Bxa8 Bxf1 15.Qxd2 Ba6
16.Rc1 Rc8 17.Rxc8+ Bxc8 18.Qc3 Qd8 19.Ne5 Bd7 20.Bf3 Qc8 21.g3 Qxc3 22.bxc3 f6
23.Nxd7 Nxd7 24.Kf1 Kf7 25.Ke2 Ke7 26.Kd3 Kd6 27.Kc4 a6 28.Bb7 Nb8 29.a4 e5
30.h4 exd4 31.cxd4 g5 32.f4 h6 33.h5 gxf4 34.gxf4 Kc7 35.Bf3 Kd6 36.Bb7 Kc7
37.Bf3 Kd6 38.Kc3 Nc6 39.Be2 Ne7 40.Bxa6 Nd5+ 41.Kc4 Nxf4 42.Kb5 Kc7 43.Kc4 Nxh5
44.Kd5 Ng7 45.Bf1 h5 46.Bh3 h4 47.Bg4 f5 48.Bf3 f4 49.Ke4 Kd6 50.Kxf4 Ne6+
51.Kg4 Nxd4  1/2-1/2